[Event "CAN-ch U20 U1800"]
[Site "Toronto"]
[Date "2018.08.10"]
[Round "4.15"]
[White "Wang, Eric1111"]
[Black "Locham, Divjot"]
[Result "1/2-1/2"]
[WhiteElo "1677"]
[BlackElo "1373"]
[PlyCount "74"]
[EventDate "2018.08.08"]
[EventType "swiss"]
[EventRounds "9"]
[EventCountry "CAN"]
[SourceTitle "EXT 2022"]
[Source "ChessBase"]
[SourceDate "2021.10.06"]
[SourceVersion "1"]
[SourceVersionDate "2021.10.06"]
[SourceQuality "1"]

1. c4 Nf6 2. Nc3 c5 3. g3 Nc6 4. Bg2 e6 5. e4 e5 6. Nge2 d6 7. 0-0 Be7 8. d3 0-0 9. h3 Bd7 10. f4 Qc8 11. Kh2 Rb8 12. f5 a6 13. a4 b6 14. g4 h6 15. Ng3 Nh7 16. Nd5 Bd8 17. Nh5 f6 18. h4 Kf7 19. Ng3 Rh8 20. Rh1 Ne7 21. Kg1 Nxd5 22. exd5 Bc7 23. Ne4 Be8 24. Qf3 Bd7 25. Bd2 Ke7 26. b3 Kf7 27. Rf1 Qd8 28. Rf2 b5 29. axb5 axb5 30. g5 hxg5 31. hxg5 Nxg5 32. Nxg5+ fxg5 33. Rxh8 Qxh8 34. Bxg5 Ra8 35. f6 Ra1+ 36. Bf1 g6 37. cxb5 Qh5 1/2-1/2

[Event "CAN-ch U10"]
[Site "Quebec"]
[Date "2018.07.03"]
[Round "3.117"]
[White "Gao, Joshua"]
[Black "Locham, Divjot"]
[Result "0-1"]
[WhiteElo "882"]
[BlackElo "1373"]
[PlyCount "76"]
[EventDate "2018.07.02"]
[EventType "swiss"]
[EventRounds "7"]
[EventCountry "CAN"]
[SourceTitle "EXT 2022"]
[Source "ChessBase"]
[SourceDate "2021.10.06"]
[SourceVersion "1"]
[SourceVersionDate "2021.10.06"]
[SourceQuality "1"]

1. e4 e5 2. Nf3 Nc6 3. Nc3 Nf6 4. Bb5 Bc5 5. d3 h6 6. 0-0 d6 7. h3 a6 8. Ba4 0-0 9. Nh2 Be6 10. Bb3 d5 11. exd5 Nxd5 12. Nxd5 Bxd5 13. Bxd5 Qxd5 14. Qg4 Qd6 15. Nf3 f5 16. Qg3 e4 17. Bf4 Qe6 18. Rae1 Qxa2 19. Bxh6 Qxb2 20. d4 Bxd4 21. Rb1 Qc3 22. Rb3 Qc5 23. c3 Be5 24. Nxe5 Qxe5 25. Bf4 Qd5 26. Rxb7 Nd4 27. Rxc7 Ne2+ 28. Kh2 Nxg3 29. Bxg3 f4 30. Bxf4 Rxf4 31. Rb1 Qe5 32. Rxg7+ Qxg7 33. Rg1 Rxf2 34. c4 Kf7 35. c5 Rh8 36. c6 Qe5+ 37. Kh1 Rxh3+ 38. gxh3 Rh2# 0-1

[Event "Canadian op U1400"]
[Site "Sault Ste Marie"]
[Date "2017.07.15"]
[Round "8"]
[White "Yuan, Henry"]
[Black "Locham, Divjot"]
[Result "1/2-1/2"]
[WhiteElo "961"]
[BlackElo "1119"]
[PlyCount "125"]
[EventDate "2017.07.11"]
[EventType "swiss"]
[EventRounds "9"]
[EventCountry "CAN"]
[SourceTitle "EXT 2022"]
[Source "ChessBase"]
[SourceDate "2021.10.06"]
[SourceVersion "1"]
[SourceVersionDate "2021.10.06"]
[SourceQuality "1"]

1. e4 e5 2. Nf3 Nc6 3. Bc4 Nd4 4. Nxd4 exd4 5. 0-0 Nf6 6. e5 d5 7. exf6 dxc4 8. fxg7 Bxg7 9. Qe2+ Qe7 10. Qxc4 a6 11. Qd3 Bd7 12. Qg3 Rg8 13. Qxc7 Bb5 14. Qxe7+ Kxe7 15. Re1+ Kd7 16. a4 Bc6 17. c3 Rae8 18. Rxe8 Rxe8 19. Kf1 b5 20. cxd4 bxa4 21. Nc3 Bxd4 22. f3 a5 23. d3 Be5 24. f4 Bc7 25. Nxa4 Rg8 26. g3 Bb5 27. Nc5+ Kc6 28. Nb3 Bxd3+ 29. Ke1 Ra8 30. Kd2 Bg6 31. f5 Bh5 32. Kc3 Be5+ 33. Kd3 Bc7 34. Ra4 Rd8+ 35. Nd4+ Kc5 36. Rc4+ Kb6 37. Be3 Be5 38. Ke4 Bxd4 39. Bxd4+ Kb7 40. Kf4 Be2 41. Ra4 Bb5 42. Bf6 Rd6 43. Rxa5 Kb6 44. Ke5 Kxa5 45. Kxd6 Bc4 46. Ke7 Bb3 47. Kf8 h5 48. Kg7 Kb5 49. Kh6 h4 50. Bxh4 Kc6 51. Kg7 Kd6 52. Bf6 Kd5 53. h4 Ke4 54. h5 Kxf5 55. h6 Kg4 56. h7 Kxg3 57. h8Q Kg4 58. Qh4+ Kf5 59. Qg5+ Ke4 60. Qe5+ Kd3 61. Qc3+ Ke4 62. Qxb3 Kf5 63. Qc4 1/2-1/2

[Event "Canadian op U1400"]
[Site "Sault Ste Marie"]
[Date "2017.07.13"]
[Round "6"]
[White "Locham, Divjot"]
[Black "Lu, Lucas Yunkun"]
[Result "0-1"]
[WhiteElo "1119"]
[BlackElo "1299"]
[PlyCount "88"]
[EventDate "2017.07.11"]
[EventType "swiss"]
[EventRounds "9"]
[EventCountry "CAN"]
[SourceTitle "EXT 2022"]
[Source "ChessBase"]
[SourceDate "2021.10.06"]
[SourceVersion "1"]
[SourceVersionDate "2021.10.06"]
[SourceQuality "1"]

1. e4 c5 2. d4 cxd4 3. c3 dxc3 4. Nxc3 Nc6 5. Nf3 e6 6. Bc4 Qc7 7. 0-0 Nf6 8. Qe2 Ng4 9. h3 Nd4 10. hxg4 Nxe2+ 11. Bxe2 a6 12. Bd2 Bb4 13. Rac1 Qd8 14. a3 Bxc3 15. Rxc3 0-0 16. Rfc1 b5 17. Rc7 d5 18. e5 Bd7 19. Ba5 Qe8 20. Bb4 Rc8 21. Bxf8 Rxc7 22. Rxc7 Kxf8 23. Rc1 Qb8 24. Bd3 h6 25. Re1 a5 26. b3 b4 27. a4 Qc7 28. Re2 Qc3 29. Rd2 Qxb3 30. Bb5 Bxb5 31. axb5 Qc4 32. g3 Qxb5 33. g5 hxg5 34. Nxg5 b3 35. Rb2 a4 36. Kg2 a3 37. Rb1 b2 38. Nf3 a2 39. Re1 b1Q 40. Rxb1 axb1Q 41. Nd4 Qe4+ 42. Nf3 Qbe2 43. Kg1 Q4xf3 44. g4 Qexf2# 0-1

[Event "CAN-ch U10"]
[Site "Sault Ste Marie"]
[Date "2017.07.07"]
[Round "3"]
[White "Locham, Divjot"]
[Black "Chen, Grant"]
[Result "1-0"]
[WhiteElo "1119"]
[BlackElo "817"]
[PlyCount "97"]
[EventDate "2017.07.06"]
[EventType "swiss"]
[EventRounds "7"]
[EventCountry "CAN"]
[SourceTitle "EXT 2022"]
[Source "ChessBase"]
[SourceDate "2021.10.06"]
[SourceVersion "1"]
[SourceVersionDate "2021.10.06"]
[SourceQuality "1"]

1. e4 e5 2. Nf3 Nf6 3. Nc3 Nc6 4. Be2 Be7 5. 0-0 0-0 6. d4 d6 7. d5 Nb4 8. a3 Na6 9. b4 c6 10. b5 Qa5 11. bxa6 Qxc3 12. Bd2 Qd4 13. Nxd4 exd4 14. axb7 Bxb7 15. Rb1 Rab8 16. dxc6 Bxc6 17. Bb4 Nxe4 18. Qxd4 Bf6 19. Qxa7 Bg5 20. Bxd6 Rxb1 21. Bxf8 Rxf1+ 22. Bxf1 Kxf8 23. Qb8+ Ke7 24. Qc7+ Bd7 25. Qe5+ Be6 26. Qxe4 f5 27. Qb7+ Kf6 28. Qb6 Kf7 29. Qc7+ Kf6 30. Qd8+ Kg6 31. Qd6 Kf7 32. Bb5 Be7 33. Qc7 g6 34. a4 h5 35. a5 g5 36. a6 g4 37. a7 Bd5 38. Bc4 Bxc4 39. Qxc4+ Kf6 40. a8Q g3 41. Qh4+ Kf7 42. Qd5+ Ke8 43. Qxh5+ Kf8 44. Kf1 gxf2 45. Qhxf5+ Ke8 46. Ke2 f1Q+ 47. Kxf1 Bf6 48. Qc8+ Ke7 49. Qde6# 1-0

[Event "CAN-ch U10"]
[Site "Sault Ste Marie"]
[Date "2017.07.06"]
[Round "2"]
[White "Huang, Youhe"]
[Black "Locham, Divjot"]
[Result "1-0"]
[WhiteElo "1448"]
[BlackElo "1119"]
[PlyCount "79"]
[EventDate "2017.07.06"]
[EventType "swiss"]
[EventRounds "7"]
[EventCountry "CAN"]
[SourceTitle "EXT 2022"]
[Source "ChessBase"]
[SourceDate "2021.10.06"]
[SourceVersion "1"]
[SourceVersionDate "2021.10.06"]
[SourceQuality "1"]

1. e4 e5 2. Nf3 Nc6 3. Bb5 a6 4. Ba4 b5 5. Bb3 Nf6 6. 0-0 Be7 7. Re1 0-0 8. c3 d6 9. d3 Bg4 10. h3 Bh5 11. Nbd2 a5 12. Nf1 a4 13. Bc2 b4 14. Bxa4 Bxf3 15. gxf3 Ra6 16. Bxc6 Rxc6 17. cxb4 Qc8 18. Kh2 Nh5 19. Ng3 Rxc1 20. Rxc1 Nf4 21. Nf5 Qd7 22. Nxe7+ Qxe7 23. Rh1 Qh4 24. Qf1 Qh5 25. Rg1 Qxf3 26. Rg3 Qe2 27. Qxe2 Nxe2 28. Rxc7 Nxg3 29. Kxg3 Rd8 30. b5 Rb8 31. b6 g6 32. b7 Kg7 33. a4 Kh6 34. a5 f5 35. a6 f4+ 36. Kg4 g5 37. a7 Rf8 38. b8Q Rxb8 39. axb8Q d5 40. Qb6# 1-0

[Event "Canadian op U1200"]
[Site "Windsor"]
[Date "2016.07.16"]
[Round "7.58"]
[White "Periappuram, Jacob"]
[Black "Locham, Divjot"]
[Result "1-0"]
[WhiteElo "635"]
[BlackElo "801"]
[PlyCount "47"]
[EventDate "2016.07.10"]
[EventType "swiss"]
[EventRounds "9"]
[EventCountry "CAN"]
[SourceTitle "EXT 2022"]
[Source "ChessBase"]
[SourceDate "2021.10.06"]
[SourceVersion "1"]
[SourceVersionDate "2021.10.06"]
[SourceQuality "1"]

1. e4 e5 2. Nf3 Nc6 3. Bc4 Be7 4. 0-0 Nf6 5. Nc3 Nxe4 6. Nxe4 d5 7. Bb5 dxe4 8. Nxe5 Bd7 9. Nxd7 Qxd7 10. d3 exd3 11. cxd3 0-0 12. Be3 a6 13. Ba4 b5 14. Bb3 Rad8 15. Qf3 Ne5 16. Qb7 Ra8 17. d4 Rfb8 18. Qe4 Nc6 19. Rac1 Rb6 20. d5 f5 21. dxc6+ Kh8 22. cxd7 fxe4 23. Rxc7 Rbb8 24. Bd5 1-0

[Event "Canadian op U1200"]
[Site "Windsor"]
[Date "2016.07.11"]
[Round "2.53"]
[White "John, Namitha Elsa"]
[Black "Locham, Divjot"]
[Result "1-0"]
[WhiteElo "1053"]
[BlackElo "801"]
[PlyCount "63"]
[EventDate "2016.07.10"]
[EventType "swiss"]
[EventRounds "9"]
[EventCountry "CAN"]
[SourceTitle "EXT 2022"]
[Source "ChessBase"]
[SourceDate "2021.10.06"]
[SourceVersion "1"]
[SourceVersionDate "2021.10.06"]
[SourceQuality "1"]

1. e4 e5 2. Nf3 Nc6 3. Bc4 Be7 4. 0-0 Nf6 5. Nc3 Nxe4 6. Re1 Nxc3 7. bxc3 Bf6 8. d4 d6 9. dxe5 dxe5 10. Qxd8+ Bxd8 11. Nxe5 0-0 12. Nxc6 bxc6 13. Rb1 Bf6 14. Bd2 Bf5 15. Bd3 Bg6 16. Rb7 Rad8 17. Re3 Bg5 18. Re2 Bxd3 19. cxd3 Rxd3 20. f4 Be7 21. Rxe7 Rxd2 22. Rxa7 Rb8 23. h3 Rb1+ 24. Kh2 Rb8 25. Raxc7 h6 26. Rxf7 h5 27. Rxg7+ Kh8 28. Rh7+ Kg8 29. Rcg7+ Kf8 30. Rf7+ Ke8 31. Re7+ Kd8 32. Reg7 1-0

[Event "CAN-ch U08"]
[Site "Windsor"]
[Date "2016.07.07"]
[Round "5.122"]
[White "Locham, Divjot"]
[Black "Chen, Daniel1111"]
[Result "1-0"]
[WhiteElo "698"]
[BlackElo "1223"]
[PlyCount "93"]
[EventDate "2016.07.05"]
[EventType "swiss"]
[EventRounds "7"]
[EventCountry "CAN"]
[SourceTitle "EXT 2022"]
[Source "ChessBase"]
[SourceDate "2021.10.06"]
[SourceVersion "1"]
[SourceVersionDate "2021.10.06"]
[SourceQuality "1"]

1. e4 d6 2. Nf3 Bd7 3. Nc3 e6 4. Bc4 Be7 5. 0-0 Nf6 6. d4 Nc6 7. Be3 0-0 8. d5 exd5 9. exd5 Nb8 10. h3 c6 11. dxc6 bxc6 12. Bb3 Bc8 13. a4 Ba6 14. Re1 d5 15. Ba2 Ne4 16. Nxd5 cxd5 17. Bxd5 Bb4 18. Bxa8 Bxe1 19. Qxd8 Rxd8 20. Rxe1 Nd6 21. Bg5 f6 22. Bd5+ Nf7 23. Rd1 fxg5 24. Bxf7+ Kxf7 25. Rxd8 Nc6 26. Rd6 Bb7 27. Rd7+ Ne7 28. Rxb7 h5 29. c4 g4 30. hxg4 hxg4 31. Ne5+ Ke6 32. Nxg4 Nf5 33. c5 Nd4 34. Rxa7 Ne2+ 35. Kf1 Nd4 36. c6 Nxc6 37. Ra6 Kd6 38. Ne5 Kxe5 39. Rxc6 Kd5 40. Rc1 g5 41. a5 g4 42. a6 Kd4 43. a7 Kd3 44. a8Q Kd2 45. Qc6 Kd3 46. Qc4+ Kd2 47. Qc2# 1-0

[Event "CAN-ch U08"]
[Site "Windsor"]
[Date "2016.07.05"]
[Round "1.119"]
[White "Chang, Alexander Rz"]
[Black "Locham, Divjot"]
[Result "1-0"]
[WhiteElo "1396"]
[BlackElo "698"]
[PlyCount "51"]
[EventDate "2016.07.05"]
[EventType "swiss"]
[EventRounds "7"]
[EventCountry "CAN"]
[SourceTitle "EXT 2022"]
[Source "ChessBase"]
[SourceDate "2021.10.06"]
[SourceVersion "1"]
[SourceVersionDate "2021.10.06"]
[SourceQuality "1"]

1. e4 e5 2. Nf3 Nc6 3. Bc4 Bc5 4. c3 Nf6 5. d4 exd4 6. e5 Ne4 7. Qe2 d5 8. exd6 Bf5 9. Ng5 0-0 10. Nxe4 Bxe4 11. 0-0 Re8 12. Qh5 Re5 13. Qxf7+ Kh8 14. dxc7 Qc8 15. Qf4 Qxc7 16. Nd2 Bg6 17. Nf3 Rf8 18. Qg3 Re7 19. Qxc7 Rxc7 20. Ng5 dxc3 21. Ne6 cxb2 22. Bxb2 Rcf7 23. Nxf8 Rxf8 24. Rad1 Bc2 25. Rd7 Ba4 26. Bxg7# 1-0